000 00576 a2200169 4500
999 _c7599
_d7599
020 _a9781408017715 (paperback)
050 0 0 _aHF5657.4 DRU 2009
100 1 _aDrury, Colin.
_eauthor
245 1 0 _aManagement accounting for business decisions /
_cColin Drury.
250 _a4th edition
264 _aAndover :
_bCengage Learning,
_cc2009
300 _a488 p. :
_bill. ;
500 _aIncludes bibliographical references and index.
504 _aIncludes bibliographical references and index.
650 0 _aManagerial accounting.
942 _2lcc
_cBK
_e4th edition
_h5657.4
_iDRU
_kHF